000 00412 a2200145 4500
999 _c6595
_d6595
020 _a0869227076
050 0 0 _aPL8842.1 MNK 2003
100 1 _aMnkandla, Phineas N.
_d1936-
245 1 0 _aUlimi lwethu /
_clulotshwe nguPhineas N. Mnkandla.
264 _aGweru:
_bMambo Press,
_c1978
300 _ax, 163 p. ;
500 _anovel
650 0 _aNdebele language (Zimbabwe)
_xGrammar.
942 _2lcc
_cBK
_h8842.1
_iMNK
_kPL